Малое собрание сочинений (Запись № 446864)

Подробности
000 -МАРКЕР
контрольное поле 02431nam0a2200421 4500
001 - ИДЕНТИФИКАТОР ЗАПИСИ
контрольное поле RU\NLR\bibl\991170
005 - ИДЕНТИФИКАТОР ВЕРСИИ
контрольное поле 20260405154421.0
010 ## - МЕЖДУНАРОДНЫЙ СТАНДАРТНЫЙ НОМЕР КНИГИ (ISBN)
Номер (ISBN) 5-9691-0113-3
Уточнения В пер.
Тираж 2000
021 ## - НОМЕР ГОСУДАРСТВЕННОЙ РЕГИСТРАЦИИ
Код страны Российская Федерация
Номер 2006-50898
Номер Листа государственной регистраци 2517
035 ## - ДРУГИЕ СИСТЕМНЫЕ НОМЕРА
Идентификатор записи (nilc)RSL-KNO-002925363
035 ## - ДРУГИЕ СИСТЕМНЫЕ НОМЕРА
Идентификатор записи (NLR Aleph) 000978973
100 ## - ДАННЫЕ ОБЩЕЙ ОБРАБОТКИ
Данные общей обработки 20060906d2006 |||y0rusy50 ca
101 0# - ЯЗЫК РЕСУРСА
Язык текста, звукозаписи и т.д. русский
102 ## - СТРАНА ПУБЛИКАЦИИ ИЛИ ПРОИЗВОДСТВА
Страна публикации Российская Федерация
105 ## - ПОЛЕ КОДИРОВАННЫХ ДАННЫХ: ТЕКСТОВЫЕ МАТЕРИАЛЫ, МОНОГРАФИЧЕСКИЕ
Кодированные данные о монографическом текстовом документе y |||||||||
106 ## - ПОЛЕ КОДИРОВАННЫХ ДАННЫХ: ТЕКСТОВЫЕ РЕСУРСЫ – ФОРМА
Форма ресурса: кодированные данные: обозначение носителя r
200 1# - ЗАГЛАВИЕ И СВЕДЕНИЯ ОБ ОТВЕТСТВЕННОСТИ
Основное заглавие Малое собрание сочинений
Первые сведения об ответственности Виктор Пеленягрэ
Последующие сведения об ответственности [ред. Наталия Каверина, Наталья Рагозина]
210 ## - ПУБЛИКАЦИЯ, РАСПРОСТРАНЕНИЕ И ДР.
Место издания, распространения и т.д. Москва
Имя издателя, распространителя и т. д. Время
Дата издания, распространения и т.д. 2006
Место изготовления Екатеринбург
Имя изготовителя Уральский рабочий
215 ## - ФИЗИЧЕСКАЯ ХАРАКТЕРИСТИКА
Специфическое обозначение материала и объем 774 с.
Размеры 17
225 1# - СЕРИЯ
Основное заглавие серии Поэтическая библиотека
300 ## - ОБЩИЕ ПРИМЕЧАНИЯ
Текст примечания Загл. обл.: Как упоительны в России вечера
320 ## - ПРИМЕЧАНИЯ О НАЛИЧИИ В ДОКУМЕНТЕ БИБЛИОГРАФИИ / УКАЗАТЕЛЯ
Текст примечания Избр. библиогр. Виктора Пеленягрэ: с. 751-752
327 0# - ПРИМЕЧАНИЯ О СОДЕРЖАНИИ
Текст примечания Содерж.: Стихотворения; Из ранней лирики; Кортеж Орфея; Сезам и лилии; Воспитание чувств; Ящик Пандоры; Свободное падение; Песенки; Все так же рыдает шарманка; Колониальное танго [и др.]
512 1# - ЗАГЛАВИЕ ОБЛОЖКИ
Связь между полями z33790
Заглавие обложки Как упоительны в России вечера
610 0# - НЕКОНТРОЛИРУЕМЫЕ ПРЕДМЕТНЫЕ ТЕРМИНЫ
Предметный термин Филологические науки. Художественная литература -- Российская Федерация -- Русская литература -- с сер. 50-х гг. 20 в. -- Произведения художественной литературы -- Собрания сочинений и сборники произведений разных жанров одного автора
686 ## - ИНДЕКСЫ ДРУГИХ КЛАССИФИКАЦИЙ
Индекс Ш5(2=Р)75-6я44
Код системы
686 ## - ИНДЕКСЫ ДРУГИХ КЛАССИФИКАЦИЙ
Индекс Ш6(2=Р)7я44
700 #1 - ИМЯ ЛИЦА - ПЕРВИЧНАЯ ОТВЕТСТВЕННОСТЬ
Код отношения Автор
Материалы, к которым относится поле rus
Графика поля Кириллица
Начальный элемент ввода Пеленягрэ
Часть имени, кроме начального элемента ввода В. И.
Даты 1959-
Расширение инициалов личного имени Виктор Иванович
Идентификатор авторитетной/нормативной записи RU\NLR\auth\7765357
Системный номер авторитетной/нормативной записи 48286
702 #1 - ИМЯ ЛИЦА - ВТОРИЧНАЯ ОТВЕТСТВЕННОСТЬ
Начальный элемент ввода Каверина
Часть имени, кроме начального элемента ввода Н.
Расширение инициалов личного имени Наталия
Код отношения Редактор
790 #1 - ИМЯ ЛИЦА - АЛЬТЕРНАТИВНАЯ ФОРМА
Код отношения Автор
Материалы, к которым относится поле rus
Графика поля Кириллица
Начальный элемент ввода Пеленягрэ
Часть имени, кроме начального элемента ввода В. И.
Даты 1959-
Расширение инициалов личного имени Виктор Иванович
Идентификатор авторитетной/нормативной записи RU\NLR\auth\7765357
Системный номер авторитетной/нормативной записи 48286
801 #0 - ИСТОЧНИК ЗАПИСИ
Страна Российская Федерация
Организация РКП
Дата составления 20060906
Правила каталогизации rcr
801 #1 - ИСТОЧНИК ЗАПИСИ
Страна Российская Федерация
Организация РГБ
Дата составления 20060906
801 #2 - ИСТОЧНИК ЗАПИСИ
Страна Российская Федерация
Организация NLR
Дата составления 20061004
Правила каталогизации rcr
942 ## - ДОПОЛНИТЕЛЬНЫЕ ЭЛЕМЕНТЫ ЗАПИСИ (АБИС)
Тип экземпляра АБИС Книга
980 ## - КОЛЛЕКЦИЯ
Название коллекции Национальная библиография
Экземпляры
Тип экземпляра Дата поступления Источник поступления Библиотека постоянного хранения Библиотека текущего хранения Место хранения Шифр хранения Штрих-код Статус экземпляра Стоимость
Книга 04.10.2006 Обязательный экземпляр РНБ (Московский) РНБ (Московский) Русский книжный фонд: издания с 1957 года 2006-2/4423 2270351    
Книга 04.10.2006 Обязательный экземпляр РНБ (Московский) РНБ (Московский) Русский книжный фонд: издания с 1957 года 2006-2/4423 2270352    
Книга 22.01.2007 Покупка РНБ (Садовая) РНБ (Садовая) Универсальный читальный зал У Ш6(2=Р)7/П-246 1-217944   300.00
Книга 29.08.2007 Покупка РНБ (Садовая) РНБ (Садовая) Фонд международного книгообмена   1-325164   300.00
Книга 26.05.2015 Покупка РНБ (Садовая) РНБ (Садовая) Фонд международного книгообмена   1-858393   340.00
Книга 16.06.2015 Покупка РНБ (Садовая) РНБ (Садовая) Фонд международного книгообмена   1-858404 Готов к отправке заказом МКО 300.00